| Поле | Инд. | ПП | Название | Значение |
|---|---|---|---|---|
| Тип записи | a | |||
| Библиографический уровень | b | |||
| 001 | Контрольный номер | RU/IS/BASE/234701436 | ||
| 005 | Дата корректировки | 20200629065936.4 | ||
| 040 | b | Код языка каталог. | rus | |
| e | Правила каталог. | PSBO | ||
| 041 | 0_ | a | Код языка текста | rus |
| 084 | a | Индекс другой классификации/Индекс ББК | 83.3(4)5 | |
| 100 | 1_ | a | Автор | Зиновьева А. Ю. |
| 245 | 10 | a | Заглавие | История одной метафоры: от Шекспира к Рильке |
| 504 | a | Библиография | Библиогр. - Примеч.: с. 100 | |
| 600 | 14 | a | Персоналии | Рильке Райнер Мария |
| a | Персоналии | Шекспир Уильям | ||
| a | Персоналии | Лермонтов Михаил Юрьевич | ||
| a | Персоналии | Китс Джон | ||
| 650 | 04 | a | Основная рубрика | история литературы |
| a | Основная рубрика | литературоведение | ||
| a | Основная рубрика | филологические науки | ||
| 653 | 0_ | a | Ключевые слова | XIX век |
| a | Ключевые слова | XX век | ||
| a | Ключевые слова | австрийская литература | ||
| a | Ключевые слова | Австрия | ||
| a | Ключевые слова | метафоры | ||
| a | Ключевые слова | метафоры плода | ||
| a | Ключевые слова | поэзия | ||
| a | Ключевые слова | язык автора | ||
| 773 | 0_ | t | Заглавие источника | Вестник Московского университета. Серия 9, Филология |
| d | Дата издания источника | 2006 | ||
| g | Прочая информация | № 6. - С. 92 - 100 | ||
| w | Контрольный № источника | RU/IS/BASE/225296183 | ||
| 901 | t | Тип документа | b |